[Event "Andalucia-chA"]
[Site "Roquetas de Mar"]
[Date "2017.05.21"]
[Round "7"]
[White "Munoz Pelaez, Manuel"]
[Black "Antunez Munoz, Juan Jesus"]
[Result "1/2-1/2"]
[WhiteElo "2152"]
[BlackElo "1980"]
[PlyCount "46"]
[EventDate "2017.05.13"]
[EventType "swiss"]
[EventRounds "8"]
[EventCountry "ESP"]
[SourceTitle "EXT 2020"]
[Source "ChessBase"]
[SourceDate "2019.10.17"]
[SourceVersion "1"]
[SourceVersionDate "2019.10.17"]
[SourceQuality "1"]

1. e4 c5 2. Nf3 Nc6 3. d4 cxd4 4. Nxd4 g6 5. c4 Bg7 6. Be3 Nf6 7. Nc3 d6 8. Be2 0-0 9. 0-0 Bd7 10. Qd2 Nxd4 11. Bxd4 Bc6 12. f3 a5 13. Rab1 Nd7 14. Be3 Nc5 15. b3 Be5 16. a3 e6 17. b4 Qh4 18. g3 Bxg3 19. hxg3 Qxg3+ 20. Kh1 Qh3+ 21. Kg1 Qg3+ 22. Kh1 Qh3+ 23. Kg1 Qg3+ 1/2-1/2

[Event "Andalucia-chA"]
[Site "Roquetas de Mar"]
[Date "2017.05.13"]
[Round "2"]
[White "Ladron de Guevara Pinto, Paolo"]
[Black "Antunez Munoz, Juan Jesus"]
[Result "1-0"]
[WhiteElo "2363"]
[BlackElo "1980"]
[PlyCount "85"]
[EventDate "2017.05.13"]
[EventType "swiss"]
[EventRounds "8"]
[EventCountry "ESP"]
[SourceTitle "EXT 2020"]
[Source "ChessBase"]
[SourceDate "2019.10.17"]
[SourceVersion "1"]
[SourceVersionDate "2019.10.17"]
[SourceQuality "1"]

1. e4 e6 2. d4 d5 3. Nc3 Nc6 4. Nf3 Nf6 5. e5 Ne4 6. Ne2 Be7 7. Ng3 g5 8. Be3 g4 9. Nd2 Nxd2 10. Qxd2 h5 11. h3 gxh3 12. Rxh3 h4 13. Ne2 f6 14. f4 f5 15. Ng1 Nb8 16. Nf3 Nd7 17. g3 c5 18. 0-0-0 c4 19. gxh4 b5 20. Ng5 Rh6 21. Qg2 Qa5 22. Kb1 c3 23. Bc1 cxb2 24. Bxb2 Nb6 25. Nh7 Na4 26. Qg8+ Kd7 27. Nf6+ Rxf6 28. exf6 Bxf6 29. Rb3 b4 30. h5 Nxb2 31. Rxb2 Ke7 32. h6 Qb6 33. Qh7+ Kd6 34. Qf7 Bxd4 35. Qf8+ Kc7 36. Rxb4 Bd7 37. Rxb6 Rxf8 38. Rb3 Bf6 39. Bb5 Bc8 40. h7 Bb7 41. Rg1 Rh8 42. Rh3 e5 43. Rg6 1-0

[Event "Andalucia-chA"]
[Site "Roquetas de Mar"]
[Date "2017.05.13"]
[Round "1"]
[White "Molina Mataran, Manuel"]
[Black "Antunez Munoz, Juan Jesus"]
[Result "0-1"]
[WhiteElo "1786"]
[BlackElo "1980"]
[PlyCount "56"]
[EventDate "2017.05.13"]
[EventType "swiss"]
[EventRounds "8"]
[EventCountry "ESP"]
[SourceTitle "EXT 2020"]
[Source "ChessBase"]
[SourceDate "2019.10.17"]
[SourceVersion "1"]
[SourceVersionDate "2019.10.17"]
[SourceQuality "1"]

1. Nf3 d5 2. d4 c5 3. c3 Nc6 4. e3 e6 5. Bd3 Nf6 6. Nbd2 Be7 7. 0-0 0-0 8. Re1 b6 9. e4 dxe4 10. Nxe4 cxd4 11. cxd4 Nxd4 12. Nxd4 Qxd4 13. Be3 Qd5 14. Qc2 Bb7 15. f3 Rac8 16. Qe2 Rfd8 17. Red1 Qh5 18. Ng5 h6 19. g4 Qh4 20. Nxe6 fxe6 21. Bf2 Bc5 22. Qxe6+ Kh8 23. Bxc5 bxc5 24. Qf5 Qh3 25. Rf1 Rd5 26. Qg6 Rg5 27. Qf7 Nxg4 28. fxg4 Qg2# 0-1

[Event "Andalucia-ch U16"]
[Site "Islantilla"]
[Date "2012.04.14"]
[Round "6"]
[White "Antunez Munoz, Juan Jesus"]
[Black "Romero Carmona, Fernando"]
[Result "1-0"]
[WhiteElo "1860"]
[BlackElo "1604"]
[PlyCount "43"]
[EventDate "2012.04.13"]
[EventType "swiss"]
[EventRounds "9"]
[EventCountry "ESP"]
[SourceTitle "CBM 148 Extra"]
[Source "ChessBase"]
[SourceDate "2012.06.22"]
[SourceVersion "1"]
[SourceVersionDate "2012.06.22"]
[SourceQuality "1"]

1. e4 c5 2. Nf3 e6 3. d3 a6 4. g3 d6 5. Bg2 Nf6 6. 0-0 b6 7. e5 dxe5 8. Nxe5 Ra7 9. Nc3 Bb7 10. Bxb7 Rxb7 11. Qf3 Rc7 12. Re1 Nbd7 13. Bf4 Nxe5 14. Bxe5 Bd6 15. Bxf6 gxf6 16. Ne4 Ra7 17. Nxf6+ Kf8 18. Nh5 Qe7 19. Re2 a5 20. Rae1 e5 21. Qg4 Qd7 22. Qg7+ 1-0

[Event "Andalucia-ch U16"]
[Site "Islantilla"]
[Date "2012.04.13"]
[Round "1"]
[White "Luque Barbera, Francisco"]
[Black "Antunez Munoz, Juan Jesus"]
[Result "0-1"]
[WhiteElo "1438"]
[BlackElo "1860"]
[PlyCount "24"]
[EventDate "2012.04.13"]
[EventType "swiss"]
[EventRounds "9"]
[EventCountry "ESP"]
[SourceTitle "CBM 148 Extra"]
[Source "ChessBase"]
[SourceDate "2012.06.22"]
[SourceVersion "1"]
[SourceVersionDate "2012.06.22"]
[SourceQuality "1"]

1. e4 c5 2. Nf3 g6 3. Bc4 Nc6 4. Nc3 Bg7 5. d3 e6 6. Be3 b6 7. 0-0 Nge7 8. Qd2 d5 9. exd5 exd5 10. Bb5 d4 11. Bh6 dxc3 12. bxc3 0-0 0-1

[Event "Malaga-ch"]
[Site "Malaga"]
[Date "2012.01.15"]
[Round "3"]
[White "Antunez Munoz, Juan Jesus"]
[Black "Morales de la Rosa, Enrique"]
[Result "0-1"]
[WhiteElo "1861"]
[BlackElo "1968"]
[PlyCount "120"]
[EventDate "2012.01.14"]
[EventType "swiss"]
[EventRounds "9"]
[EventCountry "ESP"]
[SourceTitle "CBM 146 Extra"]
[Source "ChessBase"]
[SourceDate "2012.02.29"]
[SourceVersion "1"]
[SourceVersionDate "2012.02.29"]
[SourceQuality "1"]

1. e4 e6 2. d3 d5 3. Nd2 dxe4 4. dxe4 b6 5. Ngf3 Bb7 6. g3 Be7 7. Bg2 Ba6 8. c3 c6 9. Nd4 e5 10. Nf5 Bf6 11. Qg4 g6 12. Ne3 Nd7 13. Ndc4 Qe7 14. 0-0 Rd8 15. b4 Bxc4 16. Nxc4 b5 17. Na5 Nb8 18. Be3 Qc7 19. Rad1 a6 20. Rxd8+ Bxd8 21. Rd1 Nf6 22. Qh3 0-0 23. f4 exf4 24. gxf4 Re8 25. e5 Nd5 26. Bxd5 cxd5 27. Bc5 Nc6 28. Nxc6 Qxc6 29. Qf3 Qe6 30. Rxd5 Qf5 31. Qd3 Qxf4 32. Bd4 Bc7 33. Qg3 Qe4 34. Rd7 Qb1+ 35. Kg2 Qxa2+ 36. Kh3 Qe6+ 37. Qg4 Bxe5 38. Bxe5 Qxe5 39. Qf3 Qe6+ 40. Qg4 Qf6 41. Rd3 Re5 42. Rf3 Qe7 43. Qd4 Rg5 44. Rg3 Qe6+ 45. Kg2 Rd5 46. Qe3 Qd7 47. Rf3 Rd2+ 48. Rf2 Qg4+ 49. Qg3 Rxf2+ 50. Kxf2 Qxg3+ 51. Kxg3 Kf8 52. Kf4 Ke7 53. Ke5 f5 54. h3 Kd7 55. h4 h5 56. Kd5 Ke7 57. c4 bxc4 58. Kxc4 Kd6 59. Kd4 Kc6 60. Kc4 Kb6 0-1

[Event "Andalucia-ch U16 1011"]
[Site "Almeria"]
[Date "2011.03.25"]
[Round "4.6"]
[White "Antunez Munoz, Juan Jesus"]
[Black "Diaz Gallego, Saul"]
[Result "1-0"]
[WhiteElo "1825"]
[BlackElo "1563"]
[PlyCount "48"]
[EventDate "2011.03.25"]
[EventType "swiss"]
[EventRounds "9"]
[EventCountry "ESP"]
[SourceTitle "EXT 2024"]
[Source "ChessBase"]
[SourceDate "2023.10.10"]
[SourceVersion "1"]
[SourceVersionDate "2023.10.10"]
[SourceQuality "1"]

1. e4 c5 2. Nf3 d6 3. c3 Nf6 4. Bd3 e6 5. Bc2 Be7 6. 0-0 0-0 7. d4 cxd4 8. cxd4 Nbd7 9. Nc3 a6 10. Qe2 b5 11. e5 dxe5 12. dxe5 Nd5 13. Qe4 f5 14. Qe2 Nxc3 15. bxc3 Bb7 16. Nd4 Bd5 17. Rd1 f4 18. Qh5 g6 19. Bxg6 hxg6 20. Qxg6+ Kh8 21. Qh6+ Kg8 22. Nxe6 Rf7 23. Rxd5 Qf8 24. Bxf4 Re8 1-0

[Event "ESP-ch U14"]
[Site "Linares"]
[Date "2010.07.17"]
[Round "7"]
[White "Acosta Sosa, Juan Manuel"]
[Black "Antunez Munoz, Juan Jesus"]
[Result "0-1"]
[WhiteElo "2023"]
[BlackElo "1748"]
[PlyCount "44"]
[EventDate "2010.07.13"]
[EventType "swiss"]
[EventRounds "9"]
[EventCountry "ESP"]
[SourceTitle "CBM 137 Extra"]
[Source "ChessBase"]
[SourceDate "2010.09.01"]
[SourceVersion "1"]
[SourceVersionDate "2010.09.01"]
[SourceQuality "1"]

1. c4 e5 2. Nc3 Nc6 3. Nf3 f5 4. d3 Nf6 5. g3 Bc5 6. Bg2 0-0 7. 0-0 Qe8 8. Nd2 d6 9. a3 a5 10. Nb5 f4 11. Nxc7 Qh5 12. Bf3 Bg4 13. Nd5 Bxf3 14. Nxf6+ Rxf6 15. Nxf3 fxg3 16. hxg3 Qh3 17. d4 Nxd4 18. Nxd4 Bxd4 19. Qd3 Raf8 20. Bf4 exf4 21. Qxd4 f3 22. exf3 Rh6 0-1

[Event "Malaga op 12th"]
[Site "Malaga"]
[Date "2009.07.17"]
[Round "8"]
[White "Antunez Munoz, Juan Jesus"]
[Black "Jimenez Ruiz, Jose Carlos"]
[Result "0-1"]
[WhiteElo "1699"]
[BlackElo "1985"]
[PlyCount "114"]
[EventDate "2009.07.11"]
[EventType "swiss"]
[EventRounds "9"]
[EventCountry "ESP"]
[SourceTitle "CBM 131 Extra"]
[Source "ChessBase"]
[SourceDate "2009.09.03"]
[SourceVersion "2"]
[SourceVersionDate "2009.09.16"]
[SourceQuality "1"]

1. e4 e6 2. d3 d5 3. Nd2 Nf6 4. Ngf3 c5 5. g3 Nc6 6. Bg2 Be7 7. 0-0 0-0 8. Re1 Qc7 9. Nf1 b6 10. e5 Nd7 11. Bf4 Bb7 12. h4 d4 13. N1h2 Nb4 14. Ng5 Bxg2 15. Kxg2 Nd5 16. Qg4 Nxf4+ 17. Qxf4 Bxg5 18. hxg5 Rfd8 19. Nf3 Nf8 20. Rh1 Ng6 21. Qe4 Rac8 22. Rh3 Qc6 23. Qxc6 Rxc6 24. Rah1 Nf8 25. Nd2 b5 26. b3 Ra6 27. Ra1 Nd7 28. f4 f6 29. exf6 gxf6 30. Rah1 Rxa2 31. Rxh7 Nf8 32. Rh8+ Kf7 33. Ne4 Rxc2+ 34. Kf3 fxg5 35. fxg5 c4 36. g6+ Kxg6 37. R8h6+ Kf7 38. Rf6+ Ke7 39. bxc4 bxc4 40. Rh8 cxd3 41. Rg8 d2 42. Rg7+ Ke8 43. Ke2 d3+ 44. Kd1 Rc1+ 45. Kxd2 Rc2+ 46. Ke3 d2 47. Rf1 d1N+ 48. Kf4 Rc4 49. Rxa7 Nc3 50. Re1 Rdd4 51. Ra8+ Kf7 52. Kg5 Nxe4+ 53. Kh6 Nxg3 54. Ra7+ Nd7 55. Rxd7+ Rxd7 56. Re5 Kf6 57. Re4 Rdd4 0-1

[Event "Malaga op 12th"]
[Site "Malaga"]
[Date "2009.07.14"]
[Round "5"]
[White "Garcia Rodriguez, Victor"]
[Black "Antunez Munoz, Juan Jesus"]
[Result "1-0"]
[WhiteElo "2090"]
[BlackElo "1699"]
[PlyCount "117"]
[EventDate "2009.07.11"]
[EventType "swiss"]
[EventRounds "9"]
[EventCountry "ESP"]
[SourceTitle "CBM 131 Extra"]
[Source "ChessBase"]
[SourceDate "2009.09.03"]
[SourceVersion "2"]
[SourceVersionDate "2009.09.16"]
[SourceQuality "1"]

1. e4 c5 2. Nf3 g6 3. d4 cxd4 4. Nxd4 Nc6 5. Nc3 Bg7 6. Be3 Nf6 7. Bc4 0-0 8. Bb3 d6 9. f3 Bd7 10. Qd2 Qa5 11. 0-0-0 Rfc8 12. Kb1 Ne5 13. Bh6 Bxh6 14. Qxh6 Rxc3 15. bxc3 Qxc3 16. h4 Ba4 17. Qd2 Qxd2 18. Rxd2 Bxb3 19. cxb3 Nfd7 20. Rc1 Nc5 21. a3 a5 22. Ka2 Kf8 23. Nb5 a4 24. Nd4 Ned3 25. Rh1 axb3+ 26. Nxb3 Nb4+ 27. Kb2 Nbd3+ 28. Kc2 Rxa3 29. Nxc5 Nxc5 30. Kb2 Rb3+ 31. Ka2 b5 32. Rb1 Rxb1 33. Kxb1 b4 34. e5 dxe5 35. Rd5 Ne6 36. Rxe5 Nd4 37. Re4 Nf5 38. Rxb4 Kg7 39. Kc1 Ne3 40. Kd2 Nf5 41. Ke2 h6 42. Kf2 g5 43. hxg5 hxg5 44. Rb5 Kg6 45. Rb6+ e6 46. Rb8 Ne7 47. Ke3 f5 48. Ra8 Nd5+ 49. Kd4 Nf4 50. Ra2 Kf6 51. Rc2 Nd5 52. g3 f4 53. g4 Ne3 54. Rh2 e5+ 55. Ke4 Nc4 56. Rc2 Nd6+ 57. Kd5 Nf7 58. Rc6+ Ke7 59. Rc7+ 1-0

[Event "ESP-ch U12"]
[Site "Padron"]
[Date "2008.07.07"]
[Round "3"]
[White "Antunez Munoz, Juan Jesus"]
[Black "Marchena Hurtado, Javier"]
[Result "1-0"]
[WhiteElo "1545"]
[BlackElo "1807"]
[PlyCount "44"]
[EventDate "2008.07.06"]
[EventType "swiss"]
[EventRounds "9"]
[EventCountry "ESP"]
[SourceTitle "EXT 2009"]
[Source "ChessBase"]
[SourceDate "2008.11.26"]
[SourceVersion "1"]
[SourceVersionDate "2008.11.26"]
[SourceQuality "1"]

1. e4 e5 2. d4 exd4 3. Nf3 Nc6 4. Bc4 Nf6 5. 0-0 Nxe4 6. Re1 d5 7. Bxd5 Qxd5 8. Nc3 Qd8 9. Nxe4 Be7 10. Bf4 0-0 11. Ne5 Nxe5 12. Bxe5 c5 13. Qf3 Be6 14. Rad1 Qb6 15. b3 Rfe8 16. Qg3 g6 17. Qf4 Bf5 18. Qh6 f6 19. Ng5 Be6 20. Qxh7+ Kf8 21. Qh6+ Kg8 22. Qxg6+ Kf8 1-0